[Event "59th ch-RUS 1st League"]
[Site "Tomsk RUS"]
[Date "2006.09.09"]
[Round "7"]
[White "Khairullin,I"]
[Black "Korotylev,A"]
[Result "1/2-1/2"]
[WhiteElo "2538"]
[BlackElo "2613"]
[EventDate "2006.09.03"]

1. e4 d6 2. d4 g6 3. g3 Bg7 4. Bg2 Nf6 5. Ne2 O-O 6. Nbc3 e5 7. h3 Nc6 8.
Be3 Bd7 9. O-O exd4 10. Nxd4 Re8 11. Re1 a6 12. Nxc6 Bxc6 13. Bd4 Qd7 14.
Qd3 Re7 15. Re3 Rae8 16. Rae1 1/2-1/2

[Event "59th ch-RUS 1st League"]
[Site "Tomsk RUS"]
[Date "2006.09.09"]
[Round "7"]
[White "Lastin,A"]
[Black "Chuprov,D"]
[Result "1-0"]
[WhiteElo "2613"]
[BlackElo "2527"]
[EventDate "2006.09.03"]

1. e4 d5 2. exd5 Qxd5 3. Nc3 Qa5 4. d4 Nf6 5. Nf3 Bg4 6. h3 Bh5 7. g4 Bg6
8. Ne5 e6 9. h4 Ne4 10. Rh3 Nxc3 11. bxc3 Nd7 12. Nxd7 Kxd7 13. h5 Be4 14.
Re3 Bc6 15. Bd2 Rd8 16. c4 Bb4 17. c3 Bd6 18. c5 Bf4 19. c4 Qa6 20. Rb3
Bxd2+ 21. Qxd2 b6 22. O-O-O bxc5 23. d5 Kc8 24. Qe3 Bb7 25. Qxc5 Rd6 26.
Bd3 Rhd8 27. Rd2 Ba8 28. Qd4 Qa4 29. Qxg7 Rb6 30. Rdb2 exd5 31. c5 Qf4+ 32.
Kb1 Re8 33. a3 Rxb3 34. Bf5+ Kb8 35. Rxb3+ Bb7 36. Re3 Qa4 37. Rxe8+ Qxe8
38. Bxh7 Qe1+ 39. Kb2 Qd2+ 40. Bc2 d4 41. c6 Bc8 42. Qe5 Bxg4 43. f3 d3 44.
Qb5+ Kc8 45. Qc5 Qh6 46. fxg4 dxc2 47. g5 1-0

[Event "59th ch-RUS 1st League"]
[Site "Tomsk RUS"]
[Date "2006.09.09"]
[Round "7"]
[White "Belov,Vl"]
[Black "Belozerov,A"]
[Result "1/2-1/2"]
[WhiteElo "2598"]
[BlackElo "2518"]
[EventDate "2006.09.03"]

1. e4 e5 2. Nf3 Nf6 3. Nxe5 d6 4. Nf3 Nxe4 5. Nc3 Nxc3 6. dxc3 Be7 7. Be3
Nc6 8. Qd2 Be6 9. O-O-O Qd7 10. Kb1 O-O-O 11. Bb5 a6 12. Ba4 Bf6 13. Bd4
Bxd4 14. cxd4 Bd5 15. Qg5 f5 16. Rhe1 Rhe8 17. Bxc6 Qxc6 18. Qxf5+ Kb8 19.
Qd3 Be4 20. Qb3 Bd5 21. Qa3 Be4 22. Qb3 Bd5 23. Qd3 Be4 24. Qb3 Bd5 25. Qd3
1/2-1/2

[Event "59th ch-RUS 1st League"]
[Site "Tomsk RUS"]
[Date "2006.09.09"]
[Round "7"]
[White "Yudin,S"]
[Black "Popov,Val"]
[Result "1/2-1/2"]
[WhiteElo "2475"]
[BlackElo "2578"]
[EventDate "2006.09.03"]

1. e4 e6 2. d4 d5 3. Nd2 h6 4. Ngf3 Nf6 5. Bd3 c5 6. dxc5 Bxc5 7. Qe2 Nc6
8. a3 O-O 9. O-O Qc7 10. b4 Nd4 11. Qe1 dxe4 12. Bxe4 Bb6 13. c4 Nxf3+ 14.
Bxf3 Bd4 15. Ra2 e5 16. Rc2 Bd7 17. Nb3 Bf5 18. Nxd4 exd4 19. Rd2 Rfe8 20.
Qd1 d3 21. c5 Rad8 22. Bb2 Ne4 23. Rxd3 Ng3 24. Rxd8 Rxd8 25. hxg3 Rxd1 26.
Rxd1 Qc8 27. Rd6 Bd7 28. Bd4 Bc6 29. Be2 Qe8 30. Bd3 Kf8 31. Kh2 Bb5 32.
Bxb5 Qxb5 33. c6 Qh5+ 1/2-1/2

[Event "59th ch-RUS 1st League"]
[Site "Tomsk RUS"]
[Date "2006.09.09"]
[Round "7"]
[White "Nechepurenko,R"]
[Black "Kornev,Alexei"]
[Result "0-1"]
[WhiteElo "2463"]
[BlackElo "2568"]
[EventDate "2006.09.03"]

1. d4 d5 2. c4 dxc4 3. Nf3 Nf6 4. e3 e6 5. Bxc4 c5 6. O-O a6 7. dxc5 Bxc5
8. Qxd8+ Kxd8 9. Nbd2 Ke7 10. Nb3 Bd6 11. Bd2 Nc6 12. Rfc1 Bd7 13. Be2 Rhc8
14. a3 e5 15. Be1 Bg4 16. h3 Bh5 17. g4 Bg6 18. Nh4 Nd7 19. Nd2 Nc5 20. b4
Na4 21. Nxg6+ hxg6 22. Nc4 b5 23. Nxd6 Kxd6 24. Rc2 Ne7 25. Rd2+ Ke6 26.
Rad1 f5 27. gxf5+ gxf5 28. Rd7 Rc6 29. e4 Nb2 30. R1d2 Nc4 31. Rd1 fxe4 32.
Bg4+ Kf7 33. Bf5 Nb6 34. Rb7 Rac8 35. Bxc8 Nbxc8 36. Bd2 Nd6 37. Ra7 Ke6
38. Be3 Nef5 39. Bc5 Nc4 40. Ra8 Nxa3 41. Ra1 Nc2 42. R1xa6 Rxa6 43. Rxa6+
Kd5 44. Rg6 Ncd4 45. Bf8 Ne6 46. Bc5 Nh4 47. Rg3 Nf3+ 48. Kh1 Nxc5 49. bxc5
g5 50. Rg4 b4 51. c6 b3 52. c7 b2 53. Rg1 Nxg1 54. c8=Q b1=Q 55. Qa8+ Kd4
56. Qa7+ Kc4 57. Qa6+ Kc3 58. Qa3+ Kc2 59. Qc5+ Kd1 60. Kxg1 Ke2+ 61. Kh2
Qd3 62. Kg2 Qb3 63. Qa7 Qf3+ 64. Kg1 Qc3 65. Qa2+ Qd2 66. Qc4+ Qd3 67. Qa2+
Ke1 68. Qa1+ Qd1 69. Qxe5 Ke2+ 70. Kh2 Qd3 71. Qf5 Kf1 72. Qxg5 Kxf2 73. h4
Qd6+ 74. Kh3 Qe6+ 75. Kh2 Qd6+ 76. Kh3 e3 77. Qf5+ Ke1 78. Qb1+ Qd1 79.
Qb4+ Kf2 80. Qb2+ Qe2 81. Qg7 Qf3+ 82. Kh2 Qf4+ 83. Kh3 e2 84. Qg2+ Ke3 85.
Qg1+ Kd2 86. Qg2 Qf1 0-1

[Event "59th ch-RUS 1st League"]
[Site "Tomsk RUS"]
[Date "2006.09.09"]
[Round "7"]
[White "Zakhartsov,V"]
[Black "Yemelin,V"]
[Result "1/2-1/2"]
[WhiteElo "2548"]
[BlackElo "2516"]
[EventDate "2006.09.03"]

1. e4 e5 2. Nf3 Nc6 3. Bb5 Nf6 4. O-O Nxe4 5. d4 Nd6 6. Bxc6 dxc6 7. dxe5
Nf5 8. Qxd8+ Kxd8 9. Nc3 Bd7 10. Rd1 Kc8 11. Ng5 Be8 12. b3 b6 13. Bb2 Be7
14. Nge4 Kb7 15. Rd3 Rd8 16. Rad1 Kc8 17. g3 a5 18. a4 Rxd3 19. Rxd3 Bd7
20. f3 h5 21. Kf2 Rh6 22. Ne2 g5 23. Bc1 Rg6 24. h3 c5 25. g4 Ng7 26. c4
hxg4 27. hxg4 Ne6 28. Kg2 Bd8 29. Be3 Bc6 30. N2c3 Nd4 31. Bxd4 cxd4 32.
Rxd4 Re6 33. Nb5 Be7 34. Na7+ Kb7 1/2-1/2

[Event "59th ch-RUS 1st League"]
[Site "Tomsk RUS"]
[Date "2006.09.09"]
[Round "7"]
[White "Amonatov,F"]
[Black "Gochelashvili,D"]
[Result "1-0"]
[WhiteElo "2542"]
[BlackElo "2448"]
[EventDate "2006.09.03"]

1. e4 c5 2. Nf3 d6 3. c3 Nf6 4. h3 g6 5. Bd3 Bg7 6. Bc2 O-O 7. O-O Nc6 8.
Re1 e5 9. d3 h6 10. a3 b6 11. b4 cxb4 12. cxb4 Bb7 13. Bb2 Re8 14. Nbd2 b5
15. d4 exd4 16. Nxd4 Qb6 17. Nxc6 Bxc6 18. Qf3 Nd7 19. Bxg7 Kxg7 20. Rad1
Re6 21. Nb3 Rae8 22. Nd4 Rf6 23. Qg3 Kh7 24. Kh2 Nf8 25. f4 Ne6 26. Nxe6
Rfxe6 27. f5 gxf5 28. exf5 Rxe1 29. f6+ 1-0

[Event "59th ch-RUS 1st League"]
[Site "Tomsk RUS"]
[Date "2006.09.09"]
[Round "7"]
[White "Chernyshov,K"]
[Black "Alavkin,A"]
[Result "1/2-1/2"]
[WhiteElo "2537"]
[BlackElo "2492"]
[EventDate "2006.09.03"]

1. c4 e5 2. Nc3 Nf6 3. g3 c6 4. d4 exd4 5. Qxd4 d5 6. Bg5 Be7 7. Nf3 c5 8.
Qf4 d4 9. Bxf6 Bxf6 10. Nd5 O-O 11. Nxf6+ Qxf6 12. Qxf6 gxf6 13. Bg2 Nc6
14. Nd2 Ne5 15. Rc1 Bf5 16. h3 Kg7 17. g4 Bd7 18. Nb3 Rac8 19. Bxb7 Rc7 20.
Bd5 Rb8 21. f4 Ng6 22. Rf1 f5 23. gxf5 Bxf5 24. Rf3 a5 25. a4 Re7 26. Nxc5
Rxb2 27. Rf2 Re3 28. Rd1 Rxh3 29. Rxd4 Ra3 30. Rf3 Ra1+ 31. Kf2 h5 32. Rb3
Rxb3 33. Nxb3 Rxa4 34. Nd2 h4 35. Nf3 Kf6 36. e4 Bg4 37. e5+ Ke7 38. Ng5
Ra2+ 39. Ke3 f6 40. exf6+ Kxf6 41. c5 Re2+ 42. Kd3 Re1 43. Ne4+ Kf5 44.
Nd6+ Kf6 45. Ne4+ Kf5 46. Nd6+ Kf6 1/2-1/2

[Event "59th ch-RUS 1st League"]
[Site "Tomsk RUS"]
[Date "2006.09.09"]
[Round "7"]
[White "Yevseev,D"]
[Black "Gubajdullin,A"]
[Result "1-0"]
[WhiteElo "2572"]
[BlackElo "2431"]
[EventDate "2006.09.03"]

1. d4 Nf6 2. Nf3 g6 3. c4 Bg7 4. Nc3 O-O 5. e4 d6 6. Be2 Bg4 7. Be3 Nfd7 8.
Ng1 Bxe2 9. Ngxe2 c5 10. O-O cxd4 11. Nxd4 Nc6 12. b3 Qa5 13. Rc1 Rfe8 14.
f3 Nxd4 15. Bxd4 Bxd4+ 16. Qxd4 Qb6 17. Rfd1 Rac8 18. Qxb6 Nxb6 19. Kf2 Rc5
20. Ne2 Nd7 21. Nf4 Kf8 22. Nd3 Rc7 23. g4 Rec8 24. Ke3 a6 25. h4 e6 26. g5
Ke7 27. Rh1 Nc5 28. Nf2 Nd7 29. Nd3 Nc5 30. Nf2 b5 31. cxb5 axb5 32. Rhd1
Ra8 33. Rd2 Rca7 34. e5 Nd7 35. exd6+ Kd8 36. Rcc2 Nb6 37. Nd3 Nd5+ 38. Ke4
b4 39. Ne5 Nc3+ 40. Ke3 Nd5+ 41. Kf2 Rb7 42. Rc4 Ra6 43. d7 Ra8 44. h5 gxh5
45. Rh4 Ra6 46. Rxh5 Rxd7 47. Nxd7 Kxd7 48. Rxh7 Ke8 49. Rh4 Kf8 50. Rc4
Kg7 51. f4 Kg6 52. Kf3 f6 53. gxf6 Kxf6 54. Rh2 Kg6 55. Rcc2 Ra8 56. Rcg2+
Kf7 57. Rh7+ Kf6 58. Rgh2 Ne7 59. R2h6+ Ng6 60. Rb7 Rf8 61. Rhh7 Nh8 62.
Rxb4 Nf7 63. Rb7 Nd6 64. Rh6+ Kf5 65. Ra7 Nf7 66. Ra5+ e5 67. Rh5+ Kg6 68.
Rhxe5 Nxe5+ 69. Rxe5 Rh8 1-0

[Event "59th ch-RUS 1st League"]
[Site "Tomsk RUS"]
[Date "2006.09.09"]
[Round "7"]
[White "Shaposhnikov,E"]
[Black "Sitnikov,D"]
[Result "1-0"]
[WhiteElo "2547"]
[BlackElo "2430"]
[EventDate "2006.09.03"]

1. e4 c5 2. Nf3 Nc6 3. Bb5 g6 4. O-O Bg7 5. c3 Nf6 6. Re1 O-O 7. h3 Qb6 8.
Ba4 d6 9. d4 cxd4 10. cxd4 Nd7 11. Bxc6 bxc6 12. Nc3 Re8 13. Rb1 a5 14. Be3
Qa6 15. Qd2 Nb6 16. Bh6 Bh8 17. Qf4 e5 18. dxe5 dxe5 19. Qh4 f6 20. Qg3 Qb7
21. Rbd1 Be6 22. h4 Bg7 23. Bc1 Qf7 24. b3 h5 25. Be3 Nd7 26. Na4 Bg4 27.
Rc1 f5 28. Ng5 Qf6 29. Bd2 Rac8 30. Qd3 fxe4 31. Nxe4 Qf8 32. Bxa5 Nf6 33.
Ng5 Bf5 34. Qc4+ Nd5 35. Nb6 Rcd8 36. Qxc6 Nf4 37. Qc4+ Kh8 38. Nf7+ Kh7
39. Bb4 1-0

[Event "59th ch-RUS 1st League"]
[Site "Tomsk RUS"]
[Date "2006.09.09"]
[Round "7"]
[White "Kharitonov,Alexandr"]
[Black "Karalkin,M"]
[Result "1-0"]
[WhiteElo "2514"]
[BlackElo "2332"]
[EventDate "2006.09.03"]

1. d4 d5 2. c4 c6 3. Nc3 Nf6 4. e3 a6 5. Nf3 b5 6. b3 Bg4 7. Be2 Nbd7 8.
O-O e6 9. h3 Bf5 10. Bd3 Bb4 11. Bb2 Bxd3 12. Qxd3 O-O 13. Rfc1 Qe7 14. Rc2
bxc4 15. bxc4 dxc4 16. Qxc4 c5 17. Qe2 cxd4 18. Nxd4 Ba3 19. Nc6 Qd6 20.
Ne4 Nxe4 21. Rd1 Bxb2 22. Rxd6 Nxd6 23. Rxb2 Nf6 24. Qd3 Nb5 25. a4 Nc7 26.
e4 e5 27. Qd6 Ne6 28. Qxe5 Rfe8 29. f3 Rac8 30. Qd6 Rc7 31. Rb8 Rxb8 32.
Nxb8 g5 33. Nxa6 Rc1+ 34. Kh2 h5 35. Qd2 Rc4 36. e5 Ne8 37. Nb4 h4 38. a5
Rc5 39. a6 Ra5 40. Qd7 N8c7 41. Nc6 Rxa6 42. Nd8 Kg7 43. Qxf7+ Kh6 44. Qf6+
1-0

[Event "59th ch-RUS 1st League"]
[Site "Tomsk RUS"]
[Date "2006.09.09"]
[Round "7"]
[White "Tsigelnitskiy,I"]
[Black "Shabanov,Y"]
[Result "0-1"]
[WhiteElo "2404"]
[BlackElo "2443"]
[EventDate "2006.09.03"]

1. e4 c5 2. Nf3 Nc6 3. d4 cxd4 4. Nxd4 g6 5. c4 Nf6 6. Nc3 d6 7. Be2 Nxd4
8. Qxd4 Bg7 9. Be3 O-O 10. Qd2 Be6 11. O-O Qa5 12. Rac1 Rfc8 13. b3 a6 14.
f4 b5 15. f5 Bd7 16. Bd3 Bc6 17. h3 Rab8 18. Bh6 bxc4 19. Bxc4 Bb5 20. Bxb5
axb5 21. Bxg7 Kxg7 22. Qb2 Qb6+ 23. Kh1 Qd4 24. Qa1 Rc5 25. fxg6 hxg6 26.
Rfd1 Qe5 27. Nd5 Qxa1 28. Rxa1 Nxe4 29. Re1 Rxd5 30. Rxe4 e5 31. a4 bxa4
32. bxa4 Ra8 33. Rb4 Kf6 34. Kg1 Ke6 35. Ra2 f5 36. Kf2 e4 37. Rb7 f4 38.
Rg7 Kf6 39. Rd7 Raa5 40. g3 g5 41. h4 Rd3 42. hxg5+ Ke6 43. Rg7 Rxg3 44.
Rg6+ Ke5 0-1

[Event "59th ch-RUS 1st League"]
[Site "Tomsk RUS"]
[Date "2006.09.10"]
[Round "8"]
[White "Landa,K"]
[Black "Timofeev,Arty"]
[Result "1/2-1/2"]
[WhiteElo "2584"]
[BlackElo "2657"]
[EventDate "2006.09.03"]

1. Nf3 Nf6 2. g3 g6 3. Bg2 Bg7 4. O-O c5 5. c4 O-O 6. d4 cxd4 7. Nxd4 Nc6
8. Nc3 Ng4 9. e3 d6 10. b3 Nxd4 11. exd4 Nh6 12. Bb2 Nf5 13. d5 a6 14. a4
Bd7 15. Rb1 Rb8 16. Ne4 Bxb2 17. Rxb2 b5 18. axb5 axb5 19. c5 dxc5 20. Nxc5
b4 21. Qd2 Rb5 22. Rc1 Nd6 23. Bf1 Rb6 24. Na6 Qa8 25. Ra2 Qd8 26. Bg2 e5
27. Nxb4 e4 28. Ra6 Rxa6 29. Nxa6 Qb6 30. Nc5 Bf5 31. h3 h5 32. Qf4 Rc8 33.
b4 Qxb4 34. Qxd6 e3 35. fxe3 Qd2 36. Rc4 Bd3 37. Nxd3 Qxe3+ 38. Kh2 Rxc4
39. Nf4 h4 40. Qd8+ Kg7 41. Qxh4 Rc1 42. Ne6+ fxe6 43. Qe7+ Kh6 44. Qh4+
Kg7 45. Qe7+ Kh6 46. Qf8+ Kh7 47. Qf7+ Kh6 48. Qf8+ Kh7 1/2-1/2

[Event "59th ch-RUS 1st League"]
[Site "Tomsk RUS"]
[Date "2006.09.10"]
[Round "8"]
[White "Kobalia,M"]
[Black "Grigoriants,S RUS"]
[Result "1/2-1/2"]
[WhiteElo "2647"]
[BlackElo "2579"]
[EventDate "2006.09.03"]

1. e4 c6 2. d4 d5 3. Nc3 dxe4 4. Nxe4 Bf5 5. Ng3 Bg6 6. h4 h6 7. Nf3 Nd7 8.
h5 Bh7 9. Bd3 Bxd3 10. Qxd3 e6 11. Bf4 Qa5+ 12. Bd2 Bb4 13. c3 Be7 14. c4
Qc7 15. O-O-O Ngf6 16. Kb1 O-O 17. Ne4 c5 18. Nxf6+ Nxf6 19. Bc3 b5 20.
dxc5 Rfd8 1/2-1/2

[Event "59th ch-RUS 1st League"]
[Site "Tomsk RUS"]
[Date "2006.09.10"]
[Round "8"]
[White "Korotylev,A"]
[Black "Yudin,S"]
[Result "1/2-1/2"]
[WhiteElo "2613"]
[BlackElo "2475"]
[EventDate "2006.09.03"]

1. d4 d5 2. c4 e6 3. Nf3 c6 4. Nbd2 Nf6 5. g3 c5 6. cxd5 Nxd5 7. Bg2 Nc6 8.
O-O cxd4 9. Nb3 Be7 10. Nbxd4 O-O 11. Nxc6 bxc6 12. a3 Bb7 13. Qc2 c5 14.
Rd1 Qb6 15. Bg5 Bxg5 16. Nxg5 Nf6 17. Bxb7 Qxb7 18. Rd3 Rfc8 19. Rad1 c4
20. Rf3 h6 21. Rxf6 hxg5 22. Rf3 Rab8 23. Rd2 Rc6 24. Qd1 Rf8 25. Rc3 Rb6
26. Rd8 Rxd8 27. Qxd8+ Kh7 28. Qxg5 Rxb2 29. Qh4+ Kg8 30. Qd8+ Kh7 31. Qh4+
Kg8 32. Qxc4 Rb1+ 33. Rc1 Rxc1+ 34. Qxc1 Qe4 35. Qd1 g6 36. Qd3 Qa4 37. h4
Qa5 38. Qf3 Kg7 39. Kg2 Qc5 40. Qe3 Qd5+ 41. f3 a5 42. Qc3+ Kg8 43. Kf2 a4
44. Ke3 Qd6 45. g4 Qd5 46. Qb4 Qe5+ 47. Kd2 Qd5+ 48. Ke1 Qc6 49. Kf2 Kg7
50. Qd4+ Kh7 51. Kg3 Qb5 52. Qd3 Qe5+ 53. f4 Qc5 54. Kg2 Qc6+ 55. Qf3 Qc5
56. g5 Kg7 57. Qd3 Kg8 58. Kf3 Qc1 59. Ke4 Qc6+ 60. Ke3 Qb6+ 61. Ke4 Qc6+
62. Ke5 Qc7+ 63. Qd6 Qc3+ 64. Ke4 Qc4+ 65. Kf3 Qc3+ 66. e3 Qc1 67. Qd8+ Kh7
68. Qd3 Qc6+ 69. Qe4 Qb5 70. Qd4 Qc6+ 71. Kf2 Qc2+ 72. Kf3 Qc6+ 73. e4 Qc2
74. Qe3 Kg8 75. Kg3 Qb1 76. Qf3 Qg1+ 77. Kh3 Qc1 78. h5 gxh5 79. Kh4 Qg1
80. Kxh5 Qh2+ 81. Kg4 Qg1+ 82. Kh3 Qc1 83. Kh4 Qg1 84. f5 Qh2+ 85. Kg4 Qg1+
86. Kf4 Qh2+ 87. Qg3 Qd2+ 88. Qe3 Qh2+ 89. Kf3 Qh3+ 90. Kf2 Qh2+ 91. Ke1
Qh1+ 92. Kd2 exf5 93. exf5 Qd5+ 94. Qd3 Qg2+ 95. Kc3 Qxg5 96. Kb4 Qf4+ 97.
Kb5 Kg7 98. Qc3+ f6 99. Qh3 Qe4 100. Qg3+ Kf8 101. Qg6 Qd5+ 102. Kxa4 Qc4+
103. Ka5 1/2-1/2

[Event "59th ch-RUS 1st League"]
[Site "Tomsk RUS"]
[Date "2006.09.10"]
[Round "8"]
[White "Smirnov,P"]
[Black "Nepomniachtchi,I"]
[Result "0-1"]
[WhiteElo "2613"]
[BlackElo "2520"]
[EventDate "2006.09.03"]

1. e4 c5 2. Nf3 d6 3. d4 cxd4 4. Nxd4 Nf6 5. Nc3 a6 6. Be3 e5 7. Nb3 Be6 8.
Qd2 Be7 9. f3 O-O 10. O-O-O Nbd7 11. g4 b5 12. g5 b4 13. Ne2 Ne8 14. h4 a5
15. Kb1 Nb6 16. Ng3 a4 17. Nc1 b3 18. Nf5 bxa2+ 19. Ka1 Rb8 20. f4 d5 21.
Bxb6 Rxb6 22. Nxe7+ Qxe7 23. exd5 Bf5 24. c4 Nd6 25. c5 Ne4 26. d6 Qd7 27.
Qc2 Rc8 28. Bh3 Ng3 29. fxe5 g6 30. Bxf5 Nxf5 31. Rh3 Rb5 32. Rc3 a3 33. b3
Ne3 34. Qd3 Nxd1 35. Qxd1 Rbxc5 36. Rxc5 Rxc5 37. Nd3 Rd5 38. Qc2 Qf5 0-1

[Event "59th ch-RUS 1st League"]
[Site "Tomsk RUS"]
[Date "2006.09.10"]
[Round "8"]
[White "Popov,Val"]
[Black "Vorobiov,E"]
[Result "1/2-1/2"]
[WhiteElo "2578"]
[BlackElo "2539"]
[EventDate "2006.09.03"]

1. Nf3 c5 2. c4 Nf6 3. Nc3 d5 4. cxd5 Nxd5 5. e3 Nxc3 6. bxc3 g6 7. h4 Bg7
8. h5 Nc6 9. Rb1 Qc7 10. d4 cxd4 11. cxd4 O-O 12. hxg6 hxg6 13. Qc2 Be6 14.
Bd2 Rfc8 15. Ng5 Qd6 16. Qa4 Bd5 17. e4 Nxd4 18. exd5 Qe5+ 19. Kd1 Qxd5 20.
f3 b5 21. Bxb5 Rab8 22. Bd3 Nxf3 23. Rxb8 Rxb8 24. Qc4 Rb1+ 25. Kc2 Rb2+
26. Kc1 Rb1+ 27. Kc2 1/2-1/2

[Event "59th ch-RUS 1st League"]
[Site "Tomsk RUS"]
[Date "2006.09.10"]
[Round "8"]
[White "Chuprov,D"]
[Black "Zvjaginsev,V"]
[Result "1/2-1/2"]
[WhiteElo "2527"]
[BlackElo "2675"]
[EventDate "2006.09.03"]

1. e4 e6 2. d4 d5 3. exd5 exd5 4. Nf3 Nf6 5. Bd3 c5 6. O-O c4 7. Re1+ Be7
8. Bf1 O-O 9. Bg5 h6 10. Bf4 Nc6 11. Ne5 Bf5 12. Nxc6 bxc6 13. b3 c5 14.
Nc3 cxd4 15. Qxd4 Rc8 16. Qe5 Be6 17. Na4 Ne4 18. Qd4 Qa5 19. Be5 Bf6
1/2-1/2

[Event "59th ch-RUS 1st League"]
[Site "Tomsk RUS"]
[Date "2006.09.10"]
[Round "8"]
[White "Yemelin,V"]
[Black "Maletin,P"]
[Result "1-0"]
[WhiteElo "2516"]
[BlackElo "2543"]
[EventDate "2006.09.03"]

1. e4 c5 2. Nf3 Nc6 3. d4 cxd4 4. Nxd4 Nf6 5. Nc3 e5 6. Ndb5 d6 7. Bg5 a6
8. Na3 b5 9. Nd5 Be7 10. Bxf6 Bxf6 11. c4 b4 12. Nc2 Rb8 13. b3 Bg5 14. g3
O-O 15. h4 Bh6 16. Bh3 Be6 17. Qh5 Bxd5 18. cxd5 Na7 19. Bf5 Qc7 20. Ne3
Qc3+ 21. Ke2 Nb5 22. Kf3 Rfd8 23. Kg2 Bxe3 24. Bxh7+ Kh8 25. fxe3 Qxe3 26.
Rhf1 Rf8 27. Rf4 1-0

[Event "59th ch-RUS 1st League"]
[Site "Tomsk RUS"]
[Date "2006.09.10"]
[Round "8"]
[White "Riazantsev,A"]
[Black "Amonatov,F"]
[Result "1/2-1/2"]
[WhiteElo "2622"]
[BlackElo "2542"]
[EventDate "2006.09.03"]

1. d4 d5 2. c4 c6 3. Nc3 Nf6 4. Nf3 dxc4 5. a4 Bf5 6. Ne5 e6 7. g3 Bb4 8.
Bg2 Nbd7 9. Nxc4 Nb6 10. Ne5 Ne4 11. Bxe4 Bxe4 12. O-O Bf5 13. a5 Nd7 14.
Nc4 b5 15. axb6 axb6 16. Rxa8 Qxa8 17. Qb3 Be7 18. Bf4 O-O 19. Bd6 Qd8 20.
Qa3 Bxd6 21. Qxd6 Nb8 22. Qf4 b5 23. Ne5 f6 24. Nf3 Na6 25. Ra1 Nb4 26. h4
h5 27. Rc1 Qe7 28. Nd1 Rd8 29. Ne3 Bg6 30. Ng2 1/2-1/2

[Event "59th ch-RUS 1st League"]
[Site "Tomsk RUS"]
[Date "2006.09.10"]
[Round "8"]
[White "Chebotarev,O"]
[Black "Shaposhnikov,E"]
[Result "1-0"]
[WhiteElo "2505"]
[BlackElo "2547"]
[EventDate "2006.09.03"]

1. e4 c5 2. Nf3 Nc6 3. d4 cxd4 4. Nxd4 Qb6 5. Nb3 Nf6 6. Nc3 e6 7. Qe2 Bb4
8. Bd2 O-O 9. a3 Bxc3 10. Bxc3 e5 11. O-O-O Qc7 12. g4 d6 13. g5 Nd7 14.
Qe3 Nb6 15. f4 exf4 16. Qxf4 Na4 17. Be1 Ne5 18. Bb4 Nc5 19. Nd4 Bd7 20.
Nf5 Ba4 21. Bc3 Rad8 22. Rxd6 Rfe8 23. Bxe5 Bxc2 24. Nh6+ gxh6 25. Rg6+
hxg6 26. Bxc7 Bxe4 27. Bxd8 Nb3+ 28. Kd1 Rxd8+ 29. Ke1 Bxh1 30. gxh6 1-0

[Event "59th ch-RUS 1st League"]
[Site "Tomsk RUS"]
[Date "2006.09.10"]
[Round "8"]
[White "Alavkin,A"]
[Black "Shomoev,A"]
[Result "0-1"]
[WhiteElo "2492"]
[BlackElo "2528"]
[EventDate "2006.09.03"]

1. e4 c5 2. Nf3 e6 3. d3 b5 4. g3 Bb7 5. Bg2 d6 6. O-O Be7 7. Re1 Nd7 8. d4
cxd4 9. Nxd4 a6 10. a4 bxa4 11. Nc3 Qc7 12. Rxa4 Ngf6 13. Qe2 Nb6 14. Rb4
O-O 15. Be3 Nfd7 16. Na4 Nxa4 17. Rxa4 Rfc8 18. f4 e5 19. Nf5 Bf8 20. c3 g6
21. Nh4 Nc5 22. Rc4 Qe7 23. Rd1 a5 24. Bh3 Rd8 25. fxe5 Ba6 26. exd6 Rxd6
27. Bxc5 Bxc4 28. Bxd6 Bxe2 29. Bxe7 Bxd1 30. Bg5 Rb8 31. Bc1 Bc2 32. e5 a4
33. Kf2 Bc5+ 34. Ke2 Rd8 35. Bg5 Bd3+ 36. Ke1 Rd5 37. Bf4 Be4 38. Bf1 Be7
39. Ng2 g5 40. Be3 Bxg2 41. Bxg2 Rxe5 42. Kd2 Bc5 0-1

[Event "59th ch-RUS 1st League"]
[Site "Tomsk RUS"]
[Date "2006.09.10"]
[Round "8"]
[White "Gochelashvili,D"]
[Black "Nechepurenko,R"]
[Result "0-1"]
[WhiteElo "2448"]
[BlackElo "2463"]
[EventDate "2006.09.03"]

1. d4 d6 2. Nf3 Bg4 3. e4 Nf6 4. Nc3 Nc6 5. d5 Nb8 6. h3 Bxf3 7. Qxf3 g6 8.
Bg5 Bg7 9. O-O-O Nbd7 10. g4 c6 11. Qe3 h6 12. Bf4 Qa5 13. Be2 Rc8 14. h4
cxd5 15. exd5 Nb6 16. Bb5+ Kf8 17. Rhe1 Rxc3 18. Qxe7+ Kg8 19. bxc3 Qxb5
20. g5 Nfxd5 21. Qe8+ Qxe8 22. Rxe8+ Kh7 23. Rxh8+ Bxh8 24. Bxd6 Nxc3 25.
Re1 Nxa2+ 26. Kb1 Nc3+ 27. Kc1 Nc4 28. Bb8 Bd4 29. Re7 Bc5 0-1

[Event "59th ch-RUS 1st League"]
[Site "Tomsk RUS"]
[Date "2006.09.10"]
[Round "8"]
[White "Karpov,Va"]
[Black "Voitsekhovsky,S"]
[Result "0-1"]
[WhiteElo "2411"]
[BlackElo "2494"]
[EventDate "2006.09.03"]

1. Nf3 Nf6 2. c4 e6 3. g3 d5 4. Bg2 dxc4 5. Qa4+ c6 6. Qxc4 b5 7. Qc2 Bb7
8. b3 Nbd7 9. Bb2 Rc8 10. O-O Be7 11. d3 O-O 12. Nbd2 c5 13. Rac1 Nb6 14.
Rfd1 a5 15. Qb1 a4 16. d4 axb3 17. axb3 c4 18. bxc4 Nxc4 19. Nxc4 Be4 20.
Qa2 bxc4 21. Rxc4 Qd5 22. Rdc1 Ra8 23. Qb3 Rab8 24. Qc3 Qb5 25. Ba1 Nd5 26.
Qe1 Ba3 27. Ne5 Bxg2 28. Kxg2 Bxc1 29. Rxc1 Rfc8 30. Rd1 Rc2 31. Nd3 Qc6
32. Kg1 Qc4 33. e4 Nc3 34. Ne5 Qc7 35. Bxc3 Qxc3 36. Qxc3 Rxc3 37. d5 Rd8
38. Ng4 Rc4 39. f3 Rc3 40. Kf2 Rc2+ 41. Ke3 Rc5 42. Nf2 exd5 43. exd5 Rcxd5
44. Nd3 h5 45. f4 g6 46. h3 f6 47. Rd2 Kg7 48. Rd1 h4 49. g4 Ra5 50. Rd2
Ra1 51. Rb2 Ra3 52. Rd2 Rd7 53. Ke2 Rc3 54. Ke3 Rdc7 55. Rd1 Rc2 56. Ra1
Rg2 57. Nf2 Rg3+ 58. Kd4 Rf3 59. Ne4 Rxf4 60. Ke3 g5 61. Nd6 Rc3+ 62. Kd2
Rxh3 0-1

[Event "59th ch-RUS 1st League"]
[Site "Tomsk RUS"]
[Date "2006.09.10"]
[Round "8"]
[White "Ionov,S"]
[Black "Gubajdullin,A"]
[Result "1-0"]
[WhiteElo "2517"]
[BlackElo "2431"]
[EventDate "2006.09.03"]

1. d4 Nf6 2. Nf3 g6 3. g3 Bg7 4. Bg2 O-O 5. c4 d6 6. O-O Nc6 7. Nc3 Rb8 8.
Bd2 a6 9. Rc1 Bg4 10. d5 Na5 11. b3 c5 12. dxc6 Nxc6 13. h3 Bf5 14. Ne1 Qa5
15. e4 Be6 16. Nd3 Rfc8 17. Nd5 Qd8 18. a4 Nd7 19. N3f4 Bxd5 20. exd5 Nce5
21. h4 b5 22. cxb5 Rxc1 23. Qxc1 axb5 24. axb5 Qb6 25. Ne2 Nc5 26. Qc2 Ng4
27. b4 Qxb5 28. Nf4 Na6 29. Rb1 Qb6 30. Be1 Qd4 31. Qe2 Ne5 32. Qxa6 Bh6
33. Qe2 Bxf4 34. Rd1 Qa7 35. gxf4 Nd7 36. Qxe7 Qa4 37. Rc1 Rf8 38. Qxd6 Qa3
39. Bd2 Qb2 40. Be3 Nf6 41. Qe5 1-0

[Event "59th ch-RUS 1st League"]
[Site "Tomsk RUS"]
[Date "2006.09.10"]
[Round "8"]
[White "Sitnikov,D"]
[Black "Karalkin,M"]
[Result "1-0"]
[WhiteElo "2430"]
[BlackElo "2332"]
[EventDate "2006.09.03"]

1. e4 e5 2. Nf3 Nc6 3. Bb5 a6 4. Ba4 Nf6 5. Qe2 b5 6. Bb3 Be7 7. c3 O-O 8.
O-O d5 9. d3 Re8 10. Bg5 Be6 11. Nbd2 h6 12. Bh4 dxe4 13. dxe4 Qc8 14. Bxf6
Bxf6 15. a4 Rb8 16. Rfc1 Bg5 17. Nxg5 hxg5 18. axb5 axb5 19. Qe3 Qd8 20.
Rd1 Bxb3 21. Nxb3 Qe7 22. Rd5 b4 23. Nd2 bxc3 24. bxc3 Red8 25. h3 f6 26.
Ra6 Rxd5 27. exd5 Nd8 28. Ne4 Nf7 29. c4 f5 30. Re6 Qb4 31. Nd2 Ra8 32. Kh2
e4 33. Qd4 Ra2 34. Nxe4 Rc2 35. Rg6 Qf8 36. Nf6+ Kh8 37. Nh5 Nd6 38. Rxg7
Rxc4 39. Qa1 1-0

[Event "59th ch-RUS 1st League"]
[Site "Tomsk RUS"]
[Date "2006.09.10"]
[Round "8"]
[White "Tsigelnitskiy,I"]
[Black "Arzhenkov,G"]
[Result "1/2-1/2"]
[WhiteElo "2404"]
[BlackElo "2371"]
[EventDate "2006.09.03"]

1. e4 c5 2. Nf3 e6 3. d4 cxd4 4. Nxd4 a6 5. Nc3 b5 6. Bd3 Nc6 7. Nxc6 dxc6
8. O-O e5 9. f4 Nf6 10. fxe5 Ng4 11. Qf3 Nxe5 12. Qg3 Ng6 13. e5 Be6 14.
Bg5 Qc7 15. Bxg6 hxg6 16. Ne4 Qa7+ 17. Be3 Qc7 18. Ng5 Bc4 19. Rf2 f5 20.
exf6 Qxg3 21. f7+ Bxf7 22. hxg3 Bd5 23. Bb6 Bd6 24. Nf7 Bxf7 25. Re1+ Kf8
26. Ref1 Bxg3 27. Rxf7+ Kg8 28. R1f3 Be5 29. c3 Rh4 30. Re7 Bf6 31. Rd7 Re8
32. Bd4 Re6 33. Bxf6 gxf6 34. Ra7 Rhe4 35. Rd3 Re7 36. Rxa6 R4e6 37. Rd8+
Kg7 38. Rc8 Re1+ 39. Kh2 R7e2 40. Rcxc6 Rf1 41. Re6 Rxb2 42. Re7+ Kh6 43.
Re3 g5 44. a4 g4 45. axb5 Kg5 46. Rae6 f5 47. Re2 Rxb5 48. Re1 Rxe1 49.
Rxe1 Rb2 50. Rc1 f4 51. Kg1 Kh4 52. Kh1 Kg3 53. Rf1 Rc2 54. c4 Rxc4 55. Ra1
Rc2 56. Rb1 Re2 57. Ra1 Kh4 58. Kg1 Rd2 59. Kh1 Kg5 60. Ra5+ Kf6 61. Kg1
1/2-1/2

[Event "59th ch-RUS 1st League"]
[Site "Tomsk RUS"]
[Date "2006.09.11"]
[Round "9"]
[White "Inarkiev,E"]
[Black "Tomashevsky,E"]
[Result "1/2-1/2"]
[WhiteElo "2625"]
[BlackElo "2594"]
[EventDate "2006.09.03"]

1. e4 e5 2. Nf3 Nc6 3. d4 exd4 4. Nxd4 Bc5 5. Nb3 Bb4+ 6. c3 Be7 7. Bf4 d6
8. Bd3 Nf6 9. O-O O-O 10. c4 Bg4 11. f3 Be6 12. Nc3 1/2-1/2